HAPI. Hispanic American periodicals index /
Uloženo v:
| Hlavní autor: | |
|---|---|
| Korporace: | , |
| Další autoři: | |
| Médium: | Text |
| Vydáno: |
California:
UCLA
|
| Tagy: |
Přidat tag
Žádné tagy, Buďte první, kdo vytvoří štítek k tomuto záznamu!
|
MARC
| LEADER | 00000 a a2200000 04500 | ||
|---|---|---|---|
| 001 | 23410 | ||
| 003 | |||
| 040 | |||
| 020 | |a 0-87903-402-7 | ||
| 090 | |a R 161900 | ||
| 100 | |a Barbara G. valk | ||
| 110 | |a UCLA | ||
| 245 | |a HAPI. Hispanic American periodicals index / |c UCLA | ||
| 260 | |a California: |b UCLA | ||
| 300 | |a 749 p | ||
| 700 | |a Ludwig Lauerhass, Jr. |a ed. | ||
| 710 | |a Latin American Center Publications |a University of California, Los Angeles | ||
| 999 | |c 16560 |d 16560 | ||
